Sociální dialog ve vybraných evropských zemích - výsledky výzkumu
Sociálny dialóg je nielen európskym, ale v súčasnej dobe aj celosvetovým fenoménom. Systémy a porovnanie sociálneho dialógu uplatňované v Európe. Výsledky výskumného projektu vo vybraných krajinách EÚ, uskutočneného v roku 2011 a 2012.
Enregistré dans:
| Auteur principal: | |
|---|---|
| Format: | Chapitre de livre |
| Langue: | tchèque |
| Sujets: | |
| Tags: |
Pas de tags, Soyez le premier à ajouter un tag!
|
MARC
| LEADER | 00000naa a2200000 4500 | ||
|---|---|---|---|
| 001 | 0178097 | ||
| 005 | 20221104122943.1 | ||
| 041 | 0 | |a cze | |
| 044 | |a CZ | ||
| 245 | 1 | 0 | |a Sociální dialog ve vybraných evropských zemích - výsledky výzkumu |c Jaroslav Hála |
| 520 | |a Sociálny dialóg je nielen európskym, ale v súčasnej dobe aj celosvetovým fenoménom. Systémy a porovnanie sociálneho dialógu uplatňované v Európe. Výsledky výskumného projektu vo vybraných krajinách EÚ, uskutočneného v roku 2011 a 2012. | ||
| 610 | 2 | 0 | |a dialóg sociálny |
| 610 | 2 | 0 | |a zamestnanci |
| 610 | 2 | 0 | |a rady zamestnanecké |
| 610 | 2 | 0 | |a zamestnávatelia |
| 610 | 2 | 0 | |a zmier sociálny |
| 610 | 2 | 0 | |a partnerstvo sociálne |
| 100 | 1 | |a Hála, Jaroslav | |